000 005110000a22001810004500
001 19853
010 _a972-41-3597-7
090 _a19853
100 _a20051017d2003 m y0pory5003 ba
101 0 _apor
102 _aPT
200 1 _aFado
_eestórias na noite
_fRui Pimentel
210 _aPorto
_cAsa
_d2003
215 _a72, [1] p.
_cil.
675 _a821.134.3-9"20"
_vBN
_zpor
700 1 _aPimentel
_bRui
_f1951-
942 _cMON
_n0
999 _a19853
_bBibliobase - BMTAV
_c2019-01-21